|
|
|
|
| LEADER |
00000csc a2200000 a 4500 |
| 001 |
73386 |
| 005 |
20230308211656.0 |
| 008 |
000000|1974 ||||||||r|||||||||||spa|| |
| 020 |
|
|
|a 8428305765
|
| 040 |
|
|
|b spa
|
| 041 |
1 |
|
|a spa
|
| 082 |
0 |
|
|a 621.37
|
| 100 |
1 |
|
|a Keitz, H. A. E.
|9 291680
|
| 245 |
|
|
|a Cálculos y medidas en luminotecnia
|c H. A. E. Keitz. Daniel Santano y León
|h imp
|
| 246 |
|
|
|a Light calculations and measurements
|
| 264 |
|
|
|a Madrid
|b Paraninfo
|c 1974
|
| 300 |
|
|
|a 471 páginas:
|b ilu
|c 22 cm
|
| 490 |
|
|
|a Biblioteca Técnica Philips
|
| 650 |
|
|
|a Luminotecnia
|9 33551
|
| 650 |
|
|
|a Luz
|9 11279
|
| 650 |
|
|
|a Iluminacion
|9 17450
|
| 650 |
|
|
|a Mediciones opticas
|9 291681
|
| 650 |
|
|
|a Fotometria
|9 39251
|
| 852 |
|
|
|a UC-CDJBV
|c ESTANTERIA CERRADA
|f Compra
|k abcd
|l 1
|m General
|p 00000000
|r 2
|t 73386
|b 0
|d CDRC
|e CDRC
|g 621.37 ESTANTERIA CERRADA
|z 0000-00-00
|
| 942 |
|
|
|
| 999 |
|
|
|c 119470
|d 119470
|